000
00300nam a2200109Ia 4500
008
171211s9999 xx 000 0 und d
245
_a
DNS and BIND on IPv6
245
_c
Cricket Liu
260
_c
2011
650
_x
IT eBOOKS
856
_u
http://down.ebook777.com/020/DNS%20and%20BIND%20on%20IPv6.pdf
999
_c
349871
_d
349871